Rozpoznaj zagraniczną piosenkę po polsku #2 - Statystyki

Ogólne statystyki
  • Ten quiz został rozwiązany 159 razy
  • Średni wynik to 7 z 16
Statystyki odpowiedzi
Tekst przetłumaczony na polski Artysta/Utwór Odpowiedź % Poprawnych
| Sexy and I Know It - LMFAO Tytuł Sexy and I Know It
84%
Bo gracze będą grać, grać, grać, A nienawidzący będą nienawidzić, nienawidzić, nienawidzić, Kochanie, ja tylko będę się trząść, trząść, trząść, Potrząsnąć tym, ja potrząsnąć tym A fałszerze będą udawać, udawać, udawać, udawać, udawać, udawać. Kochanie, będę się trząść, trząść, trząść, trząść, trząść... Artysta Taylor Swift
79%
| Shake It Off - Taylor Swift Tytuł Shake It Off
78%
| Sugar - Maroon 5 Tytuł Sugar
76%
Twój cukier tak proszę Czy przyjdziesz i odłożysz to na mnie? Jestem tu, bo potrzebuję trochę miłości, trochę współczucia... Tak, okaż mi dobrą miłość... Tak, proszę... Czy przyjdziesz i odłożysz to na mnie? Artysta Maroon 5
69%
Kiedy chodzę w miejscu (tak) to widzę (ok) Wszyscy się zatrzymują i gapią się na mnie Mam pasję w spodniach i nie boję się jej pokazać. Pokaż to, pokaż to, pokaż to Jestem sexy i wiem o tym. Jestem sexy i wiem o tym. Artysta LMFAO
60%
| I Don't Want to Miss a Thing - Aerosmith Tytuł I Don't Want to Miss a Thing
38%
| Don't Speak - No Doubt Tytuł Don't Speak
36%
Nie chcę zamykać oczu Nie chcę zasnąć. Bo tęskniłbym za tobą kochanie. I nie chcę niczego przegapić. "Bo nawet kiedy o tobie marzę Najsłodszy sen nigdy nie spełni się Nadal będę za tobą tęsknić, kochanie. I nie chcę niczego przegapić. Artysta Aerosmith
34%
Nie odzywaj się. Wiem tylko, co mówisz. Więc proszę przestać się tłumaczyć Nie mów mi, bo to boli. Nie odzywaj się. Wiem, co myślisz. Nie potrzebuję twoich powodów. Nie mów mi, bo to boli. Artysta No Doubt
29%
| Complicated - Avril Lavigne Tytuł Complicated
27%
Schodzi na dół, wrzeszczę drewno. Lepiej się ruszaj, lepiej tańcz. Zróbmy sobie noc, nie będziesz pamiętał. Ja będę jedyną, nie zapomnisz. Artysta Pitbull ft. Ke$ha
27%
Ci przyjaciele ciągle za dużo gadają. Powiedz, że powinienem cię oddać Nie słyszę ich nie, bo ja Byłem tu całą noc. Byłem tu cały dzień. I chłopak, kazał mi chodzić z boku na bok. Byłem tu całą noc. Byłem tu cały dzień I chłopak, kazał mi chodzić z boku na bok. Artysta Ariana Grande ft. Nicki Minaj
25%
| Side To Side -Ariana Grande Tytuł Side To Side
25%
| Timber - Pitbull ft. Ke$ha Tytuł Timber
25%
Dlaczego musiałeś iść i komplikować sprawy? Widzę, że sposób w jaki zachowujesz się, jakbyś był kimś innym, denerwuje mnie. Życie jest takie, upadasz, czołgasz się i łamiesz. I bierzesz, co dostajesz, i zamieniasz to w uczciwość i obiecujesz mi, że nigdy nie znajdę cię na fałszywej. Nie, nie, nie. Artysta Avril Lavigne
24%
Nie znaleziono quizów pasujących do podanych kryteriów
Rozkład punktacji
Procent ludzi z każdym wynikiem
Percentyl według liczby udzielonych odpowiedzi
Twoja historia wyników
Nie rozwiązałeś tego quizu